01000nam a22002657a 45000010005000000030006000050050017000110080041000280200018000690400029000870500012001160820008001281000022001362450049001582500045002072600039002523000057002914900026003485050008003745200248003825210021006305210020006516500032006717000031007035778FISKH20250122153434.0250121b cb ||||| |||| 00| 0 eng d a9780439889827 aFISKHbengcFISKHdFISKH aDS5.D35 a950 aDalby, Elizabeth  aIntroduction to Asia / cby Elizabeth Dalby  aFirst Scholastic printing, November 2006 aNew York : bScholastic , c2005.  a96 pages : bcolor illustrations , maps ; c28 cm .  aUsborne Introductions aZ  aContains an illustrated introduction to the continent of Asia, and includes information on its geography, counties, and various cultural traditions, with full-color maps, flags, photographs, and links to internet websites for further research.8 a1150 bLexile 8 aZ bRaz-Plus  asocial studiesvnon-fiction aRogers, Kirsteen eeditor